Music Quiz

Random Music or Lyrics Quiz
Score 0/273 Timer 10:00
1 Play Today
% Correct
the
99.6%
the
99.6%
the
99.6%
the
99.6%
the
99.6%
the
99.6%
the
99.6%
the
99.6%
the
99.6%
the
99.6%
the
99.6%
the
99.6%
the
99.6%
the
99.6%
the
99.6%
the
99.6%
the
99.6%
the
99.6%
the
99.6%
the
99.6%
the
99.6%
the
99.6%
Puff
99.5%
Puff
99.5%
Puff
99.5%
Puff
99.5%
Puff
99.5%
Puff
99.5%
Puff
99.5%
Puff
99.5%
Puff
99.5%
Puff
99.5%
Puff
99.5%
Puff
99.5%
Puff
99.5%
Puff's
99.5%
dragon
99.3%
dragon
99.3%
dragon
99.3%
dragon
99.3%
dragon
99.3%
dragon
99.3%
dragon
99.3%
dragon
99.3%
dragon
99.3%
dragon
99.3%
magic
99.3%
magic
99.3%
magic
99.3%
magic
99.3%
magic
99.3%
magic
99.3%
magic
99.3%
a
95%
a
95%
a
95%
a
95%
A
95%
a
95%
a
95%
a
95%
a
95%
a
95%
sea
94.3%
sea
94.3%
sea
94.3%
sea
94.3%
sea
94.3%
sea
94.3%
sea
94.3%
by
94.3%
by
94.3%
by
94.3%
by
94.3%
by
94.3%
by
94.3%
by
94.3%
in
89.8%
in
89.8%
in
89.8%
in
89.8%
in
89.8%
in
89.8%
in
89.8%
in
89.8%
in
89.8%
in
89.8%
in
89.8%
in
89.8%
in
89.8%
in
89.8%
% Correct
in
89.8%
lived
88.4%
lived
88.4%
lived
88.4%
lived
88.4%
lived
88.4%
lived
88.4%
lived
88.4%
and
88%
and
88%
and
88%
and
88%
and
88%
and
88%
and
88%
and
88%
and
88%
and
88%
and
88%
and
88%
and
88%
land
82.9%
land
82.9%
land
82.9%
land
82.9%
land
82.9%
land
82.9%
land
82.9%
called
79.1%
called
79.1%
called
79.1%
called
79.1%
called
79.1%
called
79.1%
called
79.1%
Oh
74.2%
Oh
74.2%
oh
74.2%
autumn
69.2%
autumn
69.2%
autumn
69.2%
autumn
69.2%
autumn
69.2%
autumn
69.2%
autumn
69.2%
mist
68.8%
mist
68.8%
mist
68.8%
mist
68.8%
mist
68.8%
mist
68.8%
mist
68.8%
frolicked
66.9%
frolicked
66.9%
frolicked
66.9%
frolicked
66.9%
frolicked
66.9%
frolicked
66.9%
frolicked
66.9%
Little
58.9%
little
58.9%
Honalee
57.6%
Honalee
57.6%
Honalee
57.6%
Honalee
57.6%
Honalee
57.6%
Honalee
57.6%
Honalee
57.6%
he
56.3%
to
55.5%
that
55.2%
that
55.2%
that
55.2%
Jackie
53%
Jackie
53%
Jackie
53%
on
52.1%
on
52.1%
no
49.8%
no
49.8%
loved
49.6%
Paper
49.4%
Paper
49.4%
lives
46.8%
for
46.4%
so
43.8%
So
43.8%
his
43.5%
his
43.5%
His
43.5%
his
43.5%
% Correct
his
43.5%
him
43.1%
rascal
41.7%
be
40.6%
it
40.5%
not
39.4%
not
39.4%
they
39%
they
39%
other
38.9%
other
38.9%
whene'er
38.6%
when
38.6%
stuff
37.8%
but
37.5%
was
36.2%
fancy
34.6%
with
33.8%
came
33.7%
came
33.7%
One
33.5%
wax
33.3%
boys
33.3%
would
32.8%
would
32.8%
would
32.8%
brought
32.8%
forever
31.2%
more
30.8%
sealing
30.5%
strings
29.6%
out
29.5%
roar
29%
friend
27.8%
went
27.7%
play
27.2%
tail
27.1%
could
26.6%
their
26.4%
cave
26.2%
sail
25.5%
mighty
25.5%
mighty
25.5%
boat
24.9%
toys
24.6%
night
24.4%
like
24.2%
way
24.1%
name
23.8%
longer
23.7%
Together
23.6%
make
23.1%
wings
23.1%
travel
22.7%
into
21.8%
gigantic
21.7%
kings
21.2%
Pirate
20.9%
ships
20.9%
happened
20.8%
green
20.5%
roared
20.5%
princes
20.3%
ceased
20.1%
bow
19.9%
scales
19.7%
fearless
19.5%
head
19.5%
lookout
19.3%
billowed
19.2%
rain
19.2%
kept
19.1%
lower
19%
Noble
18.8%
fell
18.4%
flags
18.3%
perched
18.1%
along
17.9%
gray
17.6%
Without
17.4%
lane
17.3%
sorrow
17.2%
slipped
16.8%
cherry
16.7%
giants'
16.6%
brave
16.1%
rings
16%
Painted
15.6%
sadly
15.5%
bent
15.5%
lifelong
15.2%
Remove Ads.
Support Sporcle.
Get the best of Sporcle when you Go Orange. This ad-free experience offers more features, more stats, and more fun while also helping to support Sporcle. Thank you for becoming a member.

You're not logged in!

Compare scores with friends on all Sporcle quizzes.
OR
Log In

Sporcle TV

Today on Sporcle TV


Watch our educational content, quiz creation guides, and fun videos on Sporcle TV.

Show Comments

Extras

Top Quizzes Today


Score Distribution

Paid Content

Your Account Isn't Verified!

In order to create a playlist on Sporcle, you need to verify the email address you used during registration. Go to your Sporcle Settings to finish the process.

Report this User

Report this user for behavior that violates our Community Guidelines.

Details: